000 01532cad a22003135a 4500
001 L159574
008 140903s2017 xxk f 000 0 eng d
020 _a9781783211937
035 _a(Sirsi) u159574
041 0 _aeng
050 0 4 _a347.4209 $2 18
110 1 _aRoyal Institution of Chartered Surveyors
_94900
245 0 0 _aRural arbitration
_h[electronic resource]
260 _aLondon
_bRICS
_c2017
490 0 _aRICS Guidance Note
490 0 _aRICS Professional Standard
520 _aEffective from 1 December 2017.
520 _aDesigned to assist rural chartered surveyors who are appointed to act in arbitrations dealing with rural assets and property, whether as advocates, experts or the arbitrator. It includes the statutory framework, the nature of arbitration, documents and fee on application, action on appointment, case management, and accepting an appointment.
520 _aThis document was reissued in March 2023 as a professional standard. It was previously published in May 2017 as a Guidance Note. The regulatory requirements remain the same.
590 _aKA
650 2 4 _aARBITRATION ACT 1996
650 2 4 _aAGRICULTURAL TENANCIES ACT 1995
650 2 4 _aAGRICULTURAL HOLDINGS ACT 1986
651 4 _aENGLAND AND WALES
651 4 _aNorthern Ireland
690 _aDispute resolution
_96236
856 4 0 _uhttps://www.rics.org/profession-standards/rics-standards-and-guidance/sector-standards/dispute-resolution-standards/rural-arbitration
_zView free on www.rics.org
942 _n0
_2ddc
999 _c116014
_d116014